000
00321nam a2200109Ia 4500
008
200302s9999 xx 000 0 und d
100
_a
Sharmin Khan
245
_a
History of Indian Architecture Buddhist, Jain and Hindu Period
260
_b
C BC Publishers and Distributors Pvt., Ltd.,
260
_c
2014
300
_a
128 P.,
999
_c
3846
_d
3846